000 00390nam a22001697a 4500
005 20160511152743.0
008 160511b xxu||||| |||| 00| 0 eng d
020 _a978-1-60163-035-3
041 _aeng
082 _b1318
100 _aPensak David
_9473
245 _aInnovation for Under days
260 _bCareer Press
_c2008
300 _a223
650 _aManagement
_9241
942 _cBK
999 _c581
_d581